000
00282nam a22001337a 4500
003
SGT
082
_a
PAL 512
100
_a
PAL,MADHUMANGAL
245
_a
ADVANCED ALGEBRA
260
_a
NEW DELHI
_b
PHI
_c
2013
300
_a
620
650
_a
ALGEBRA, MATHEMATICS
942
_2
ddc
_c
FPS
_0
1
999
_c
10193
_d
10193